000
00310nam a2200121Ia 4500
008
191201s2005 xx 000 0 und d
100
_a
PRESSMAN, Roger S
245
0
_a
Software Engineering A Practitioner's Approach
260
_a
N. Delhi
_b
TMH
_c
2005
300
_a
860
650
_a
B.Tech(IT)
942
_2
ddc
_c
BK
999
_c
6382
_d
6382